Districts of Johor, Malaysia - Statistics

General Stats
  • This quiz has been taken 39 times
  • The average score is 8 of 10
Answer Stats
Districts % Correct
Johor Bahru
100%
Muar
91%
Mersing
82%
Batu Pahat
79%
Pontian
79%
Kluang
76%
Kota Tinggi
76%
Kulai
76%
Segamat
67%
Tangkak
67%
No matching quizzes found
Score Distribution
Percent of People with Each Score
Percentile by Number Answered
Your Score History
You have not taken this quiz